Journal of Machine Engineering : Manufacturing Accuracy Increasing Problems. Optimization

Na minha lista:
Detalhes bibliográficos
Formato: Periódico
Publicado em: 2006
Tags: Adicionar Tag
Sem tags, seja o primeiro a adicionar uma tag!

MARC

LEADER 00000nas a22000003a 4500
001 stu131258
005 20141122183232.8
008 061212s2006----------------------------d
040 |a STU  |b slo 
041 0
245 |a Journal of Machine Engineering :  |b Manufacturing Accuracy Increasing Problems. Optimization 
260 |c 2006 
773 0 |t Journal of Machine Engineering  |w stu_us_cat*stu131248  |x 1895-7595  |7 nnas 
996 |b 284M075294  |c M*Z-2970  |d Vol. 6, No. 1, 2006  |v Vol. 6  |i No. 1  |y 2006  |l MMKN  |s A  |a 24  |w stu131258_0001